Esclavas negras en Chile colonial
Αποθηκεύτηκε σε:
| Κύριος συγγραφέας: | |
|---|---|
| Μορφή: | Βιβλίο |
| Γλώσσα: | Ισπανικά |
| Έκδοση: |
Santiago
Bravo y Allende Editores
2011
|
| Έκδοση: | 1a. ed |
| Θέματα: | |
| Ετικέτες: |
Προσθήκη ετικέτας
Δεν υπάρχουν, Καταχωρήστε ετικέτα πρώτοι!
|
MARC
| LEADER | 00000cam a2200000 a 4500 | ||
|---|---|---|---|
| 001 | UCF9079 | ||
| 003 | CL-VaPUC | ||
| 008 | 131018e20111000cl |||||||||||||||||spa|d | ||
| 020 | |a 9789563070507 | ||
| 082 | 0 | 4 | |a 983.03 |b SOT |2 21 |
| 100 | 0 | |a Soto Lira, Rosa |e author |9 571277 | |
| 245 | 1 | 0 | |a Esclavas negras en Chile colonial |
| 250 | |a 1a. ed | ||
| 300 | |a 229 p | ||
| 942 | |c BK | ||
| 945 | |d 20131018 14:00:00 |a dcastane | ||
| 260 | |a Santiago |b Bravo y Allende Editores |c 2011 | ||
| 650 | 7 | |a HISTORIA DE CHILE SIGLO 18 |2 CL-VaPUC |9 314072 | |
| 650 | 0 | |a Colonialismo |9 316469 | |
| 650 | 0 | |a Esclavos |9 258558 | |
| 650 | 0 | |a Esclavitud |9 323605 | |
| 583 | |a last modification |c 20131018 14:00:00 |k Rodrigo Vera | ||
| 999 | |c 353564 |d 353562 | ||
| 952 | |0 0 |1 0 |3 erb |4 0 |6 983_030000000000000_SOT_2011 |7 0 |8 A |9 458889 |a BIBHIS |b BIBHIS |d 2019-11-23 |i 502174K |l 4 |o 983.03 SOT 2011 |p 502174K |r 2025-01-20 |s 2023-06-16 |w 2019-11-23 |y BK |z Catalogado en:20131018 |k HIS | ||